The perception and management of risk in UK office property development (Record no. 77579)

MARC details
000 -LEADER
fixed length control field 01039cab a2200205 4500
001 - CONTROL NUMBER
control field ##L134584
008 - FIXED-LENGTH DATA ELEMENTS--GENERAL INFORMATION
fixed length control field 060817n2006 000 0 eng u
035 ## - SYSTEM CONTROL NUMBER
System control number (Sirsi) u134584
041 0# - LANGUAGE CODE
Language code of text/sound track or separate title eng
100 1# - MAIN ENTRY--PERSONAL NAME
Personal name Fisher, Peter
245 04 - TITLE STATEMENT
Title The perception and management of risk in UK office property development
260 ## - PUBLICATION, DISTRIBUTION, ETC.
Date of publication, distribution, etc. 2006
490 #0 - SERIES STATEMENT
Series statement Journal of Property Research
Volume/sequential designation 23(2) June 2006, 135-161(26)
520 ## - SUMMARY, ETC.
Summary, etc. Presents new knowledge about how property developers perceive risks and the means they subsequently adopt to manage them. Based on questionnaire survey and in-depth interviews with a selection of respondents to discuss and augment the findings. Respondents were asked about their perceptions of risk at the first appraisal stage and subsequently, and about the risk management techniques they had adopted. Graphs and tables. [Taken from journal abstract].
590 ## - LOCAL NOTE (RLIN)
Local note IKA220806
651 #4 - SUBJECT ADDED ENTRY--GEOGRAPHIC NAME
Geographic name United Kingdom
Chronological subdivision
690 ## - LOCAL SUBJECT ADDED ENTRY--TOPICAL TERM (OCLC, RLIN)
Topical term or geographic name as entry element MANAGEMENT-PROJECT MANAGEMENT-PROJECT APPRAISAL
700 1# - ADDED ENTRY--PERSONAL NAME
Personal name Robson, Simon
942 ## - ADDED ENTRY ELEMENTS (KOHA)
Suppress in OPAC 0
Holdings
Withdrawn status Lost status Source of classification or shelving scheme Damaged status Not for loan Home library Current library Shelving location Date acquired Total Checkouts Full call number Barcode Date last seen Copy number Price effective from Koha item type
    Dewey Decimal Classification     London London Journal article 17/08/2006   L134584 134584-1001 06/08/2019 1 06/08/2019 Journal article